[Event "Oberfranken-ch"]
[Site "Schney"]
[Date "2020.01.03"]
[Round "1"]
[White "Haeggberg, Markus Peter"]
[Black "Wunder, Horst"]
[Result "1/2-1/2"]
[WhiteElo "1862"]
[BlackElo "2104"]
[PlyCount "47"]
[EventDate "2020.01.03"]
[EventType "swiss"]
[EventRounds "7"]
[EventCountry "GER"]
[SourceTitle "CBM 194 Extra"]
[Source "ChessBase"]
[SourceDate "2020.03.31"]
[SourceVersion "1"]
[SourceVersionDate "2020.03.31"]
[SourceQuality "1"]

1. d4 b6 2. c4 e6 3. Nc3 Bb7 4. Nf3 f5 5. Bg5 Be7 6. Bxe7 Qxe7 7. e3 Nf6 8. Bd3 0-0 9. 0-0 Nc6 10. a3 Nd8 11. Re1 Nf7 12. e4 fxe4 13. Nxe4 Nxe4 14. Bxe4 Bxe4 15. Rxe4 Nd6 16. Rh4 Rad8 17. Qc2 g6 18. Rg4 Rf5 19. Re1 Qf6 20. Ne5 Nf7 21. Nxf7 Qxf7 22. Rge4 Rf8 23. f3 Qf6 24. Qa4 1/2-1/2

[Event "Oberfranken-ch"]
[Site "Schney"]
[Date "2019.01.04"]
[Round "4"]
[White "Haeggberg, Markus Peter"]
[Black "Rein, Iwan"]
[Result "1/2-1/2"]
[WhiteElo "1846"]
[BlackElo "2074"]
[PlyCount "39"]
[EventDate "2019.01.03"]
[EventType "swiss"]
[EventRounds "7"]
[EventCountry "GER"]
[SourceTitle "CBM 188 Extra"]
[Source "ChessBase"]
[SourceDate "2019.02.26"]
[SourceVersion "1"]
[SourceVersionDate "2019.02.26"]
[SourceQuality "1"]

1. d4 Nf6 2. c4 e6 3. Nc3 Bb4 4. a3 Bxc3+ 5. bxc3 0-0 6. Nf3 d6 7. Qc2 c5 8. e3 Nc6 9. Bd3 Re8 10. e4 e5 11. d5 Na5 12. Bg5 b6 13. 0-0 Ba6 14. Nd2 h6 15. Bh4 g5 16. Bg3 Nh5 17. Qd1 Nf4 18. Bxf4 exf4 19. Qh5 Qf6 20. Rac1 1/2-1/2

[Event "Oberfranken-ch"]
[Site "Schney"]
[Date "2019.01.03"]
[Round "1"]
[White "Grosshans, Ralf Michael"]
[Black "Haeggberg, Markus Peter"]
[Result "1-0"]
[WhiteElo "2133"]
[BlackElo "1846"]
[PlyCount "57"]
[EventDate "2019.01.03"]
[EventType "swiss"]
[EventRounds "7"]
[EventCountry "GER"]
[SourceTitle "CBM 188 Extra"]
[Source "ChessBase"]
[SourceDate "2019.02.26"]
[SourceVersion "1"]
[SourceVersionDate "2019.02.26"]
[SourceQuality "1"]

1. e4 e6 2. d4 d5 3. e5 c5 4. c3 Nc6 5. Nf3 Bd7 6. a3 a5 7. Bd3 Qb6 8. Bc2 f6 9. 0-0 fxe5 10. dxe5 Nge7 11. Re1 Ng6 12. Nbd2 Be7 13. Nf1 0-0-0 14. b4 cxb4 15. axb4 Qc7 16. Be3 d4 17. Nxd4 Nxb4 18. cxb4 Bxb4 19. Bxg6 hxg6 20. Rc1 Bc6 21. Qe2 Bxe1 22. Nxc6 Bxf2+ 23. Bxf2 bxc6 24. Qa6+ Kd7 25. Bb6 Qc8 26. Qa7+ Ke8 27. Qxg7 Rf8 28. Qxg6+ Rf7 29. Bc5 1-0

[Event "Oberfranken-ch"]
[Site "Schney"]
[Date "2018.01.03"]
[Round "2"]
[White "Haeggberg, Markus Peter"]
[Black "Brunsch, Michael"]
[Result "0-1"]
[WhiteElo "1871"]
[BlackElo "1947"]
[PlyCount "25"]
[EventDate "2018.01.03"]
[EventType "swiss"]
[EventRounds "7"]
[EventCountry "GER"]
[SourceTitle "CBM 182 Extra"]
[Source "ChessBase"]
[SourceDate "2018.02.23"]
[SourceVersion "1"]
[SourceVersionDate "2018.02.23"]
[SourceQuality "1"]

1. d4 Nf6 2. c4 g6 3. Nc3 d5 4. cxd5 Nxd5 5. e4 Nxc3 6. bxc3 Bg7 7. Be3 c5 8. e5 Qa5 9. Qd2 0-0 10. Rb1 a6 11. Bd3 Nc6 12. Ne2 Rd8 13. Be4 0-1

[Event "Oberfranken-ch"]
[Site "Schney"]
[Date "2017.01.04"]
[Round "4"]
[White "Haeggberg, Markus Peter"]
[Black "Brunsch, Michael"]
[Result "1/2-1/2"]
[WhiteElo "1871"]
[BlackElo "1969"]
[PlyCount "25"]
[EventDate "2017.01.03"]
[EventType "swiss"]
[EventRounds "7"]
[EventCountry "GER"]
[SourceTitle "CBM 176 Extra"]
[Source "ChessBase"]
[SourceDate "2017.03.02"]
[SourceVersion "1"]
[SourceVersionDate "2017.03.02"]
[SourceQuality "1"]

1. d4 Nf6 2. c4 g6 3. Nc3 d5 4. cxd5 Nxd5 5. e4 Nxc3 6. bxc3 Bg7 7. Be3 c5 8. Qd2 Qa5 9. Rb1 cxd4 10. cxd4 Qxd2+ 11. Kxd2 0-0 12. Bd3 b6 13. Ne2 1/2-1/2

[Event "Oberfranken-ch"]
[Site "Schney"]
[Date "2017.01.03"]
[Round "2"]
[White "Haeggberg, Markus Peter"]
[Black "Schwarzmann, Tobias"]
[Result "1/2-1/2"]
[WhiteElo "1871"]
[BlackElo "1995"]
[PlyCount "45"]
[EventDate "2017.01.03"]
[EventType "swiss"]
[EventRounds "7"]
[EventCountry "GER"]
[SourceTitle "CBM 176 Extra"]
[Source "ChessBase"]
[SourceDate "2017.03.02"]
[SourceVersion "1"]
[SourceVersionDate "2017.03.02"]
[SourceQuality "1"]

1. d4 Nf6 2. c4 e6 3. Nc3 d5 4. Bg5 Be7 5. e3 0-0 6. Bd3 Nc6 7. cxd5 exd5 8. Rc1 a6 9. Nge2 Re8 10. 0-0 Be6 11. Nf4 Qd7 12. Nxe6 Qxe6 13. Bxf6 Bxf6 14. Qb3 Ne7 15. Qxb7 c5 16. dxc5 Reb8 17. Qc7 Rxb2 18. Qd6 Be5 19. Qxe6 fxe6 20. Bb1 Bxc3 21. Rxc3 Rab8 22. Rcc1 Nc6 23. f4 1/2-1/2

[Event "Oberfranken-ch"]
[Site "Schney"]
[Date "2016.01.05"]
[Round "5"]
[White "Haeggberg, Markus Peter"]
[Black "Schuepferling, Patrick"]
[Result "1/2-1/2"]
[WhiteElo "1851"]
[BlackElo "1556"]
[PlyCount "48"]
[EventDate "2016.01.03"]
[EventType "swiss"]
[EventRounds "7"]
[EventCountry "GER"]
[SourceTitle "CBM 170 Extra"]
[Source "ChessBase"]
[SourceDate "2016.02.25"]
[SourceVersion "1"]
[SourceVersionDate "2016.02.25"]
[SourceQuality "1"]

1. d4 d6 2. c4 Nf6 3. Nc3 g6 4. e4 Bg7 5. f3 0-0 6. Be3 Nbd7 7. Qd2 b6 8. 0-0-0 Bb7 9. Nge2 c6 10. g4 Qc7 11. Ng3 Rfd8 12. Kb1 e5 13. d5 cxd5 14. cxd5 Nb8 15. h4 Ba6 16. Bh6 Bxf1 17. Rdxf1 Na6 18. Nf5 Bxh6 19. Qxh6 Ne8 20. Ng3 Qc4 21. h5 Rd7 22. Qe3 Rc8 23. Rc1 Rdc7 24. hxg6 fxg6 1/2-1/2

[Event "Oberfranken-ch"]
[Site "Schney"]
[Date "2016.01.04"]
[Round "4"]
[White "Schulz, Lukas"]
[Black "Haeggberg, Markus Peter"]
[Result "1-0"]
[WhiteElo "2131"]
[BlackElo "1851"]
[PlyCount "58"]
[EventDate "2016.01.03"]
[EventType "swiss"]
[EventRounds "7"]
[EventCountry "GER"]
[SourceTitle "CBM 170 Extra"]
[Source "ChessBase"]
[SourceDate "2016.02.25"]
[SourceVersion "1"]
[SourceVersionDate "2016.02.25"]
[SourceQuality "1"]

1. e4 e6 2. d4 d5 3. Nd2 dxe4 4. Nxe4 Bd7 5. Nf3 Bc6 6. Bd3 Bxe4 7. Bxe4 c6 8. c3 Nf6 9. Bc2 Nbd7 10. 0-0 Be7 11. Re1 c5 12. Qe2 0-0 13. Bb3 cxd4 14. Nxd4 Re8 15. Bg5 Qa5 16. Bh4 Qh5 17. Qxh5 Nxh5 18. Bxe7 Rxe7 19. Nf5 Ree8 20. Nd6 Reb8 21. Nxf7 Nc5 22. Ng5 Nf4 23. g3 Nfd3 24. Re3 Re8 25. Nxe6 Kh8 26. Nxc5 Nxc5 27. Bd5 Rxe3 28. fxe3 Re8 29. b4 Na4 1-0

[Event "Oberfranken-ch 1213"]
[Site "Schney"]
[Date "2013.01.06"]
[Round "7"]
[White "Haeggberg, Markus Peter"]
[Black "Benner, Viktor"]
[Result "0-1"]
[WhiteElo "1746"]
[BlackElo "1861"]
[PlyCount "98"]
[EventDate "2013.01.03"]
[EventType "swiss"]
[EventRounds "7"]
[EventCountry "GER"]
[SourceTitle "EXT 2015"]
[Source "ChessBase"]
[SourceDate "2014.11.20"]
[SourceVersion "1"]
[SourceVersionDate "2014.11.20"]
[SourceQuality "1"]

1. e4 c5 2. Nf3 d6 3. d4 cxd4 4. Nxd4 Nf6 5. Nc3 g6 6. Be2 Bg7 7. Be3 0-0 8. 0-0 a6 9. f3 Nc6 10. Qd2 Bd7 11. a4 Rc8 12. Nxc6 Bxc6 13. a5 Qd7 14. Bh6 Rfd8 15. Bxg7 Kxg7 16. Qe3 Qc7 17. f4 d5 18. e5 d4 19. exf6+ exf6 20. Qh3 dxc3 21. Qxc3 Be4 22. Ra4 Qxc3 23. bxc3 Bxc2 24. Rb4 Rc7 25. Bf3 Rdd7 26. Rc1 Bd3 27. c4 f5 28. Rc3 Be4 29. Bxe4 fxe4 30. c5 f5 31. c6 bxc6 32. Rb6 c5 33. Rxa6 c4 34. Rb6 Rd3 35. Rc1 Ra3 36. a6 c3 37. Rb7 Rxb7 38. axb7 Rb3 39. Rxc3 Rxb7 40. h3 Kh6 41. Kf2 Kh5 42. g3 Rb2+ 43. Ke3 Rg2 44. g4+ Kh4 45. Rc7 Rg3+ 46. Ke2 Rxh3 47. gxf5 gxf5 48. Rg7 Rg3 49. Rxh7+ Kg4 0-1

[Event "Oberfranken-ch 1213"]
[Site "Schney"]
[Date "2013.01.05"]
[Round "6"]
[White "Wunder, Stefan"]
[Black "Haeggberg, Markus Peter"]
[Result "1-0"]
[WhiteElo "1985"]
[BlackElo "1746"]
[PlyCount "41"]
[EventDate "2013.01.03"]
[EventType "swiss"]
[EventRounds "7"]
[EventCountry "GER"]
[SourceTitle "EXT 2015"]
[Source "ChessBase"]
[SourceDate "2014.11.20"]
[SourceVersion "1"]
[SourceVersionDate "2014.11.20"]
[SourceQuality "1"]

1. Nf3 Nf6 2. g3 e6 3. Bg2 d5 4. 0-0 c5 5. d4 Nc6 6. a3 cxd4 7. Nxd4 e5 8. Nxc6 bxc6 9. c4 Be6 10. Qa4 Qd7 11. Rd1 Rb8 12. Nc3 e4 13. Nxe4 Nxe4 14. Bxe4 Rd8 15. cxd5 cxd5 16. Qxd7+ Rxd7 17. Bd3 Rb7 18. b4 Be7 19. Be3 Bf6 20. Ba6 Rc7 21. Rac1 1-0

[Event "Oberfranken-ch Q 0910"]
[Site "Schney"]
[Date "2010.01.03"]
[Round "1"]
[White "Schulz, Horst"]
[Black "Haeggberg, Markus Peter"]
[Result "0-1"]
[WhiteElo "1442"]
[BlackElo "1769"]
[PlyCount "81"]
[EventDate "2010.01.03"]
[EventType "swiss"]
[EventRounds "6"]
[EventCountry "GER"]
[SourceTitle "EXT 2015"]
[Source "ChessBase"]
[SourceDate "2014.11.20"]
[SourceVersion "1"]
[SourceVersionDate "2014.11.20"]
[SourceQuality "1"]

1. d4 Nf6 2. e3 e6 3. Bd3 d5 4. f4 c5 5. c3 Nc6 6. Nf3 Be7 7. Nbd2 0-0 8. 0-0 Qb6 9. Ne5 Bd7 10. Rf3 Be8 11. Rh3 g6 12. Qf3 Kg7 13. b3 cxd4 14. Nxc6 bxc6 15. exd4 c5 16. dxc5 Qxc5+ 17. Kh1 h5 18. Qe3 Ng4 19. Qxc5 Bxc5 20. Rf3 Nf2+ 21. Rxf2 Bxf2 22. Nf3 f6 23. Bb2 Be3 24. g3 Bc6 25. Kg2 Rad8 26. Kh3 Kh6 27. Re1 Bf2 28. Re2 Bb6 29. Bc1 Kg7 30. Nh4 e5 31. fxe5 fxe5 32. Rxe5 Bd7+ 33. Kg2 Rf2+ 34. Kg1 Re2+ 35. Kf1 Rxe5 36. Bf4 Bh3+ 37. Ng2 Rde8 38. Bxe5+ Rxe5 39. c4 Re3 40. Be2 Bxg2+ 41. Kxg2 0-1

[Event "Oberfranken-ch M 0809"]
[Site "Schney"]
[Date "2009.01.02"]
[Round "1"]
[White "Haeggberg, Markus Peter"]
[Black "Schwarzmann, Tobias"]
[Result "1/2-1/2"]
[WhiteElo "1777"]
[BlackElo "2047"]
[PlyCount "37"]
[EventDate "2009.01.02"]
[EventType "swiss"]
[EventRounds "7"]
[EventCountry "GER"]
[SourceTitle "CBM 128 Extra"]
[Source "ChessBase"]
[SourceDate "2009.03.05"]
[SourceVersion "2"]
[SourceVersionDate "2009.03.25"]
[SourceQuality "1"]

1. e4 d5 2. exd5 Qxd5 3. Nc3 Qa5 4. Nf3 Nf6 5. Bb5+ c6 6. Be2 Bg4 7. 0-0 e6 8. d4 Bd6 9. Bd2 Qc7 10. h3 Bh5 11. Bg5 Nbd7 12. Nd2 Bxe2 13. Qxe2 Qb6 14. Nc4 Qc7 15. Nxd6+ Qxd6 16. Qe3 0-0 17. a3 Nd5 18. Nxd5 Qxd5 19. b3 1/2-1/2

[Event "Oberfranken-ch Q 0708"]
[Site "Schney"]
[Date "2008.01.02"]
[Round "1"]
[White "Haeggberg, Markus Peter"]
[Black "Mueller, Matthias2222"]
[Result "1-0"]
[WhiteElo "1793"]
[BlackElo "2021"]
[PlyCount "61"]
[EventDate "2008.01.02"]
[EventType "swiss"]
[EventRounds "7"]
[EventCountry "GER"]
[SourceTitle "EXT 2010"]
[Source "ChessBase"]
[SourceDate "2010.11.25"]
[SourceVersion "1"]
[SourceVersionDate "2010.11.25"]
[SourceQuality "1"]

1. d4 e6 2. e4 d5 3. Nc3 Bb4 4. e5 c5 5. a3 Bxc3+ 6. bxc3 c4 7. Nf3 Ne7 8. Be2 0-0 9. 0-0 Bd7 10. h4 Ba4 11. h5 h6 12. Bf4 Kh7 13. Qd2 Ng8 14. g4 g5 15. Be3 Nd7 16. Bxg5 hxg5 17. Nxg5+ Kg7 18. f4 Qe7 19. f5 exf5 20. gxf5 Kh8 21. Rf2 Rfe8 22. Qf4 Nf8 23. f6 Qc7 24. Bg4 Nh6 25. Bh3 Ng8 26. Kh1 Nh7 27. Nxh7 Kxh7 28. Qg5 Nxf6 29. Rxf6 Re6 30. Qh6+ Kg8 31. Rxe6 1-0

[Event "Oberfranken-ch Q 0506"]
[Site "Schney"]
[Date "2006.01.03"]
[Round "3"]
[White "Haeggberg, Markus Peter"]
[Black "Schnetter, Bernd"]
[Result "1-0"]
[WhiteElo "1781"]
[BlackElo "1642"]
[PlyCount "61"]
[EventDate "2006.01.02"]
[EventType "swiss"]
[EventRounds "6"]
[EventCountry "GER"]
[SourceTitle "EXT 2015"]
[Source "ChessBase"]
[SourceDate "2014.11.20"]
[SourceVersion "1"]
[SourceVersionDate "2014.11.20"]
[SourceQuality "1"]

1. d4 d5 2. c4 Nf6 3. cxd5 Nxd5 4. e4 Nf6 5. Nc3 e6 6. Nf3 Bb4 7. Bd3 h6 8. 0-0 0-0 9. Be3 c6 10. Rc1 Ba5 11. Bb1 Re8 12. Qd3 Nfd7 13. e5 Nf8 14. Ne4 Bc7 15. Qd2 Nbd7 16. Bxh6 Nh7 17. Be3 Nxe5 18. dxe5 Bxe5 19. Nxe5 Qc7 20. Qd6 Qa5 21. Nc4 Qh5 22. Ng3 Qh4 23. Qf4 Qe7 24. Bxh7+ Kxh7 25. Rfd1 e5 26. Qg5 f6 27. Qh5+ Kg8 28. Nd6 Rd8 29. Nf7 Rxd1+ 30. Rxd1 Be6 31. Qh8+ 1-0